Quizzes
Events
Quiz Creation
Community
Videos
Private Events
Remove Ads
Sign In
Join for FREE
Feedback
Dark Mode
Quiz Categories
Sports
Geography
Music
Movies
Television
Just For Fun
Miscellaneous
History
Literature
Language
Science
Gaming
Entertainment
Religion
Holiday
For Kids
Quiz Lab
Recent
Popular Today
Quiz Kudos Today
Editor Picks
Curator Picks
Quizzes by...
Day
Popularity
Type
Ratings
Length
Year
Community
Subscriptions
Recent Discussions
Orange Saloon
Badges
Playlists
Quests
Create
Leaderboards
Showdown
Live 5
Trivia Bingo
Activity
Puzzle Library
Sporcle Events
Private Events
Virtual Trivia
Globe League
Become a Host
Pub Owners
SporcleCon
Opinionation
Our Games
Videos
Blog
Mobile Apps
Partnerships
Remove Ads and Go Orange
Feedback
Sports
Athletes
MLB
NBA
NHL
NFL
Soccer
Sports Teams
WWE
NCAA
Football
Premier League
Basketball
Baseball
Hockey
Golf
Tennis
Cricket
Rugby
Auto Racing
Olympics
World Cup
Sports
Athletes
MLB
NBA
NHL
NFL
Soccer
Sports Teams
WWE
NCAA
Football
Premier League
Basketball
Baseball
Hockey
Golf
Tennis
Cricket
Rugby
Auto Racing
Olympics
World Cup
Random Quiz
Search Sporcle
×
Quiz Lab
Quiz Lab
Sports
Pitched
Type in answers that appear in a list
Type in answers that appear in a list
Classic
Best Score? Go Orange.
Top 5 Relief Pitchers Stats
Can you name the Top 5 Relief Pitchers from each team based on innings pitched in 2012??
By
billwill11
19m
150 Questions
46 Plays
46 Plays
46 Plays
Comments
Comments
Give Quiz Kudos
Give Quiz Kudos
-
- Ratings
hide this ad
More Info
Replay
Link that replays current quiz
Next Quiz
Link to next quiz in quiz playlist
You Got
0%
They Got
Avg Score
29%
Avg Friend Score
Upgrade to see
Score Distribution
Jump to the score distribution portion of the page
Score
0/150
Timer
19:00
0
Plays Today
2012 Team
Player
% Correct
Atlanta
Craig Kimbrel
82.6%
Baltimore
Jim Johnson
82.6%
Houston
Fernando Rodriguez
73.9%
Milwaukee
Francisco Rodriguez
73.9%
Cincinnati
Aroldis Chapman
67.4%
Cleveland
Chris Perez
67.4%
New York Y.
David Robertson
67.4%
Philadelphia
Jonathan Papelbon
67.4%
Atlanta
Jonny Venters
65.2%
Cleveland
Joe Smith
65.2%
Detroit
Jose Valverde
65.2%
Toronto
Luis Perez
65.2%
Texas
Joe Nathan
63%
Arizona
J.J. Putz
60.9%
Chicago C.
Carlos Marmol
60.9%
Miami
Heath Bell
60.9%
New York Y.
Rafael Soriano
60.9%
Tampa Bay
Fernando Rodney
58.7%
Pittsburgh
Joel Hanrahan
56.5%
Atlanta
Eric O'Flaherty
54.3%
Boston
Alfredo Aceves
54.3%
Detroit
Phil Coke
52.2%
St. Louis
Jason Motte
52.2%
Arizona
David Hernandez
50%
Chicago W.
Nate Jones
50%
Chicago W.
Matt Thornton
50%
Colorado
Rafael Betancourt
50%
San Diego
Huston Street
50%
San Francisco
Sergio Romo
50%
Seattle
Brandon League
45.7%
Texas
Mike Adams
45.7%
Milwaukee
John Axford
43.5%
Oakland
Grant Balfour
43.5%
Tampa Bay
Wade Davis
43.5%
Toronto
Francisco Cordero
43.5%
Washington
Tyler Clippard
43.5%
Kansas City
Greg Holland
41.3%
Los Angeles D.
Kenley Jansen
41.3%
Oakland
Ryan Cook
41.3%
Houston
Wilton Lopez
39.1%
Los Angeles A.
Ernesto Frieri
39.1%
Toronto
Casey Janssen
39.1%
Miami
Steve Cishek
37%
Minnesota
Glen Perkins
37%
Pittsburgh
Jason Grilli
37%
Texas
Alexei Ogando
37%
Baltimore
Darren O'Day
34.8%
Chicago W.
Addison Reed
34.8%
Detroit
Joaquin Benoit
34.8%
Los Angeles A.
Jerome Williams
34.8%
2012 Team
Player
% Correct
New York M.
Frank Francisco
34.8%
New York Y.
Boone Logan
34.8%
Philadelphia
Antonio Bastardo
34.8%
San Francisco
Jeremy Affeldt
34.8%
Toronto
Darren Oliver
34.8%
Cincinnati
Sean Marshall
32.6%
Cleveland
Vinnie Pestano
32.6%
Los Angeles A.
Scott Downs
32.6%
New York M.
Ramon Ramirez
32.6%
Oakland
Jim Miller
32.6%
Atlanta
Christhian Martinez
30.4%
Baltimore
Pedro Strop
30.4%
Seattle
Tom Wilhelmsen
30.4%
Boston
Mark Melancon
28.3%
Houston
Brandon Lyon
28.3%
Kansas City
Tim Collins
28.3%
Kansas City
Aaron Crow
28.3%
Milwaukee
Jose Veras
28.3%
San Francisco
Santiago Casilla
28.3%
Detroit
Octavio Dotel
26.1%
Houston
Wesley Wright
26.1%
Los Angeles D.
Jamey Wright
26.1%
Los Angeles D.
Javy Guerra
26.1%
San Diego
Luke Gregerson
26.1%
Chicago W.
Jesse Crain
26.1%
Atlanta
Chad Durbin
23.9%
Colorado
Matt Belisle
23.9%
Colorado
Rex Brothers
23.9%
Minnesota
Alex Burnett
23.9%
New York M.
Bobby Parnell
23.9%
New York M.
Jon Rauch
23.9%
St. Louis
Mitchell Boggs
23.9%
Texas
Mark Lowe
23.9%
Toronto
Jason Frasor
23.9%
Washington
Sean Burnett
23.9%
Chicago C.
Shawn Camp
21.7%
Chicago C.
James Russell
21.7%
Arizona
Brad Ziegler
19.6%
Boston
Junichi Tazawa
19.6%
Miami
Ryan Webb
19.6%
Pittsburgh
Jared Hughes
19.6%
Pittsburgh
Tony Watson
19.6%
Seattle
Shawn Kelley
19.6%
St. Louis
Fernando Salas
19.6%
St. Louis
Marc Rzepczynski
19.6%
Tampa Bay
Jake McGee
19.6%
Arizona
Craig Breslow
17.4%
Cincinnati
Jose Arredondo
17.4%
Cleveland
Tony Sipp
17.4%
Kansas City
Kelvin Herrera
17.4%
2012 Team
Player
% Correct
Los Angeles A.
Jason Isringhausen
17.4%
Los Angeles A.
Kevin Jepsen
17.4%
Los Angeles D.
Ronald Belisario
17.4%
Minnesota
Jared Burton
17.4%
Minnesota
Brian Duensing
17.4%
Philadelphia
Chad Qualls
17.4%
San Diego
Dale Thayer
17.4%
Tampa Bay
Joel Peralta
17.4%
Chicago C.
Manny Corpas
15.2%
Chicago W.
Hector Santiago
15.2%
Cincinnati
Sam LeCure
15.2%
Miami
Mike Dunn
15.2%
Milwaukee
Kameron Loe
15.2%
Oakland
Jerry Blevins
15.2%
Texas
Robbie Ross
15.2%
Washington
Craig Stammen
15.2%
Arizona
Bryan Shaw
13%
Chicago C.
Rafael Dolis
13%
Houston
Rhiner Cruz
13%
Philadelphia
Michael Schwimer
13%
Pittsburgh
Chris Resop
13%
Baltimore
Troy Patton
10.9%
Cincinnati
Alfredo Simon
10.9%
Colorado
Adam Ottavino
10.9%
Detroit
Brayan Villarreal
10.9%
Kansas City
Louis Coleman
10.9%
Milwaukee
Manny Parra
10.9%
New York Y.
Cody Eppley
10.9%
Philadelphia
Jeremy Horst
10.9%
San Francisco
George Kontos
10.9%
Washington
Tom Gorzelanny
10.9%
Washington
Ryan Mattheus
10.9%
Boston
Scott Atchison
8.7%
Cleveland
Esmil Rogers
8.7%
Minnesota
Anthony Swarzak
8.7%
Seattle
Charlie Furbush
8.7%
Seattle
Lucas Luetge
8.7%
Tampa Bay
Blake Badenhop
8.7%
New York M.
Manny Acosta
6.5%
New York Y.
David Phelps
6.5%
San Diego
Brad Brach
6.5%
San Diego
Miles Mikolas
6.5%
St. Louis
Victor Marte
6.5%
Boston
Vincente Padilla
4.3%
Colorado
Josh Roenicke
4.3%
Miami
Chad Gaudin
4.3%
Baltimore
Luis Ayala
2.2%
Los Angeles D.
Josh Lindblom
2.2%
San Francisco
Clay Hensley
2.2%
Oakland
Jordan Noberto
0%
Quiz Playlist
Details
Report
Send in Message
Add To Playlist
More Info:
Pitcher must have appeared in at least 10 innings of relief work. Including closers.
Classic:
Type in answers that appear in a list
Last Updated: Feb 16, 2017
Quiz Scoreboard
CHALLENGE
Sign Up to Join the Scoreboard
Show All
Scores
Hide
Comments
May contain spoilers
Recently Published
Movies - When Are They Set?
by FPL_Elf
Movies
5m
Popular People in 1961
by mucciniale
History
6m
1-10 Letter E Words III
by El_Dandy
Language
2m
More to Explore
Quiz From the Vault
Featured Blog Post
Where Did the Easter Bunny Come From?
hide this ad
You Might Also Like...
Tags
2012
Inning
Pitched
Player
relief
team
Top 5
Today's Top Quizzes in Sports
Browse Sports
hide this ad
Today's Top Quizzes in Pitched
Browse Pitched
Top Contributed Quizzes in Sports
1
Les meilleurs buteurs des matchs entre le PSG et l’OM
2
FIFA Club World Cup Champions
3
Les entraîneurs de l'OM et du PSG au 21e siècle
4
2022 World Cup Stars
5
Name the Premier League winners with different clubs
6
La finale Lions - Afrique du Sud 2021
7
Criteria MLB: Left Handed Sluggers
8
Les joueurs passés par le LOSC et le RC Lens
9
Players with Multiple 50 Home Run Seasons
10
MLB Players with Two .350 Batting Average Seasons
Explore More
Trending Topics
Anime
Harry Potter
Marvel
Disney
NBA
Kpop
Crossword
The Office
Country
Puzzle
Pokémon
WWE
NFL
Soccer
Song
hide this ad
More By:
billwill11
Quiz
Plays
Rating
Category
Featured
Created
MLB 300 HR Club Misspelled Names
4,376
2.80
Sports
Aug 27, 2013
Captials of the World Misspelled
1,962
4.71
Geography
May 15, 2014
Every MLB Team to Exist (Slideshow)
1,869
2.55
Sports
Aug 19, 2013
Modern Family Theme Song
1,814
3.00
Television
Dec 9, 2013
NHL Top 5 Points Per Team 17/18
1,681
4.83
Sports
Apr 9, 2018
Go to Creator's Profile
Score Distribution
Quiz Creator Spotlight
billwill11
Follow
Send a Message
Quizzes Created
-
Created Quiz Play Count
-
More By This Creator
Popular Quizzes Today
1
Find the Countries of Europe - No Outlines Minefield
2
Find the US States - No Outlines Minefield
3
The Countries of the World
4
Popular People in 1961
5
1-10 Letter E Words III
6
US States
7
Find the US States
8
One Thing in Common: World Cities II
More Sports Quizzes
Confessions of the Olympic Cheats
Curator's Pick
Trending Quizzes
Risky Map Clicking: Least Populous States A-Z
Humor Books: The Subtitles
1-10 Letter F Words
1-10 Letter G Words
One Thing in Common: United Kingdom
Recently Updated
Leaping Animals
pecheneg
Reality TV Shows (A-Z)
bhenderson79
Rickey Henderson's Hall of Fame Teammates
pecheneg
Champions League XIs: Arsenal
pecheneg
Quick Pick: Celebrities in WWE's Hall of Fame
aduchscher
A-Z Keypad Blitz II
pecheneg
Multiple Oscar Actors
pecheneg
Mystery Phrase Blitz: Oscar 'Best Actors'
pecheneg
F. Scott Fitzgerald Novels
LTH
Pick 3 Villains
ddd62291
Trending Topics
Crossword
Harry Potter
Kpop
Anime
Marvel
NBA
Disney
Pokémon
Song
Country
The Office
WWE
Puzzle
NFL
Soccer
Your Account Isn't Verified!
In order to create a playlist on Sporcle, you need to verify the email address you used during registration. Go to your
Sporcle Settings
to finish the process.
Report this User
Report this user for behavior that violates our
Community Guidelines
.
Details:
Send Report
Go to the Sporcle.com Mobile Site →
Comments